Score 0/15 Timer 02:00
0 Plays Today
Clue 4-Letter Word % Correct
This used to come in a 5.25'' and 3.5'' floppy formDISK
91.4%
Large, green Marvel superheroHULK
91.2%
Bathroom basinSINK
90.8%
A really attractive, muscly guyHUNK
88.8%
A plate for foodDISH
87.7%
Dirty or untidy stateMESS
86%
Scuttled, like a shipSUNK
84.1%
Member of a childless, fully-employed coupleDINK
81.2%
Clue 4-Letter Word % Correct
Corridor; area where rooms openHALL
79.8%
Relative of golly and gee-whizGOSH
78.4%
Netlike patternMESH
76%
Rubbish or nonsenseTOSH
74.1%
Actress Lillian of 'The Birth of a Nation'GISH
73.6%
America's longest serving Secretary of StateHULL
72.5%
Former 'Entertainment Tonight' host and 'musician' JohnTESH
65.9%

Today's Daily Dose

Remove Ads.
Support Sporcle.
Get the best of Sporcle when you Go Orange. This ad-free experience offers more features, more stats, and more fun while also helping to support Sporcle. Thank you for becoming a member.

You're not logged in!

Compare scores with friends on all Sporcle quizzes.
OR
Log In

Show Comments

Extras

Top Quizzes Today


Score Distribution

Your Account Isn't Verified!

In order to create a playlist on Sporcle, you need to verify the email address you used during registration. Go to your Sporcle Settings to finish the process.

Report this User

Report this user for behavior that violates our Community Guidelines.

Details: